| 000 | 00561nam a2200205 a 4500 | ||
|---|---|---|---|
| 001 | 2707 | ||
| 003 | CDMR | ||
| 005 | 20131023110921.0 | ||
| 008 | 130130s1995||||||||||||||||||||||||||||d | ||
| 020 | _a8488788029 | ||
| 040 |
_aCDMR _bcat _cCDMR |
||
| 100 | 1 |
_aSainz, Miguel _92034 |
|
| 245 | 1 | 0 |
_aManual básico de producción en televisión _cMiguel Sainz |
| 260 |
_aMadrid _c1995 _bIORTV |
||
| 300 | _a299 p. | ||
| 490 | 0 | _aManuales Profesionales | |
| 650 | 0 | 4 |
_9433 _aTelevisió _xProducció i direcció |
| 650 | 0 | 4 |
_93785 _aTelevisió _xTècnica |
| 942 |
_cMON _2udc |
||
| 999 |
_c2707 _d2707 |
||